[Event "Elit(LASK-Stockholms SS)"]
[Site "?"]
[Date "2024.03.10"]
[Round "9"]
[White "Thorn, Eric"]
[Black "Storme, Isak"]
[Result "0-1"]
[WhiteElo "2382"]
[BlackElo "2443"]
[PlyCount "64"]
[SourceVersionDate "2024.03.12"]

1. d4 Nf6 2. c4 e6 3. Nf3 d5 4. g3 Be7 5. Bg2 O-O 6. O-O dxc4 7. Ne5 Nc6 8.
Nxc6 bxc6 9. Na3 Bxa3 10. bxa3 Ba6 11. Qd2 Rb8 12. Qa5 Qc8 13. a4 Rd8 14. Ba3
Rxd4 15. Rab1 Rb6 16. Bc5 Rd8 17. Rbd1 Rd5 18. Bxd5 cxd5 19. Bxb6 axb6 20. Qb4
h6 21. f3 Qf8 22. a3 Nd7 23. Qxf8+ Kxf8 24. e4 c6 25. f4 Nc5 26. f5 c3 27. fxe6
Bxf1 28. Kxf1 Nb3 29. exd5 c2 30. Re1 cxd5 31. exf7 c1=Q 32. Rxc1 Nxc1 0-1

[Event "Elit(Vasteras-Vaxjo)"]
[Site "?"]
[Date "2024.03.10"]
[Round "9"]
[White "Lindberg, Bengt"]
[Black "Norberg, Johan"]
[Result "1/2-1/2"]
[WhiteElo "2342"]
[BlackElo "2263"]
[PlyCount "87"]
[SourceVersionDate "2024.03.13"]

1. e4 g6 2. d4 Bg7 3. Nc3 d6 4. Be3 a6 5. Qd2 Nd7 6. h4 h6 7. O-O-O b5 8. e5
dxe5 9. dxe5 Bxe5 10. h5 g5 11. f4 gxf4 12. Bxf4 Bd6 13. Nge2 Nb6 14. Ng3 Bg4
15. Re1 Qd7 16. Nce4 Bxf4 17. Qxf4 Nd5 18. Qf2 Qc6 19. Be2 Bxe2 20. Rxe2 O-O-O
21. Qxf7 Ngf6 22. Nxf6 Qxf6 23. Qe6+ Kb7 24. Ne4 Qxe6 25. Nc5+ Kb6 26. Nxe6
Rdg8 27. Rf1 Rg4 28. Nf8 c6 29. Ng6 Rd8 30. Rf5 Rg3 31. Rfe5 a5 32. c3 a4 33.
a3 Rd6 34. Nxe7 Nxe7 35. Rxe7 Rd5 36. R7e5 Rxe5 37. Rxe5 Rxg2 38. Re6 Kc5 39.
Kb1 Rh2 40. Rxh6 Kd5 41. Rh8 Kc4 42. Ka2 c5 43. Rh7 Rh3 44. Rh8 1/2-1/2

[Event "Elit(LASK-Stockholms SS)"]
[Site "?"]
[Date "2024.03.10"]
[Round "9"]
[White "Mauritsson, Sebastian"]
[Black "Ertan, Can"]
[Result "1-0"]
[WhiteElo "2389"]
[BlackElo "2358"]
[PlyCount "63"]
[SourceVersionDate "2024.03.12"]

1. e4 e5 2. Nf3 Nc6 3. d4 exd4 4. Nxd4 Nf6 5. Nxc6 bxc6 6. e5 Qe7 7. Qe2 Nd5 8.
h4 Qe6 9. g3 d6 10. c4 Nb6 11. Bg2 dxe5 12. O-O Nxc4 13. b3 Nb6 14. Bb2 f6 15.
f4 Bc5+ 16. Kh1 Nd5 17. Qc4 Bb6 18. fxe5 O-O 19. exf6 Ne3 20. Qxe6+ Bxe6 21.
Re1 Bd5 22. Bxd5+ cxd5 23. Nd2 Nc2 24. Re7 Nxa1 25. Rxg7+ Kh8 26. Be5 Rfe8 27.
Nf3 h6 28. h5 Rg8 29. Re7 Bc5 30. f7+ Rg7 31. Re8+ Kh7 32. Rxa8 1-0

[Event "Elit(Vasteras-Vaxjo)"]
[Site "?"]
[Date "2024.03.10"]
[Round "9"]
[White "Hamark, Jesper"]
[Black "Olofsson-Dolk, Mattis"]
[Result "1-0"]
[WhiteElo "2309"]
[BlackElo "2210"]
[PlyCount "113"]
[SourceVersionDate "2024.03.13"]

1. e4 c5 2. Nc3 a6 3. g3 b5 4. Bg2 Bb7 5. Nge2 e6 6. d4 cxd4 7. Nxd4 Nf6 8. O-O
b4 9. Na4 Bxe4 10. Bxe4 Nxe4 11. c4 Nc5 12. a3 b3 13. Qf3 Ra7 14. Nxc5 Bxc5 15.
Nxb3 Bb6 16. c5 Bc7 17. Nd4 Be5 18. Be3 Rc7 19. Rad1 O-O 20. b4 Qc8 21. Rd3
Bxd4 22. Rxd4 Nc6 23. Rh4 g6 24. Bh6 f6 25. Bxf8 Qxf8 26. Rd1 Ne5 27. Qe2 g5
28. Re4 g4 29. Rxe5 fxe5 30. Qxg4+ Qg7 31. Qe2 a5 32. Qb5 Qg4 33. Qb8+ Kf7 34.
Rd2 Qe4 35. Qxc7 Qe1+ 36. Kg2 Qxd2 37. Qxe5 axb4 38. Qh5+ Kf8 39. axb4 Qxb4 40.
Qe5 Kf7 41. Kh3 Qb1 42. f4 Qc2 43. Qh5+ Kf8 44. Kg4 Kg7 45. Qg5+ Kf7 46. h3
Qe2+ 47. Kh4 Qd3 48. Kh5 d5 49. cxd6 Qxd6 50. g4 Qd3 51. h4 Qd6 52. Qe5 Qd3 53.
Qg5 Qd6 54. Qh6 Qd5+ 55. f5 exf5 56. Qxh7+ Kf6 57. Qg6+ 1-0

[Event "Elit(LASK-Stockholms SS)"]
[Site "?"]
[Date "2024.03.10"]
[Round "9"]
[White "Olund, Joar"]
[Black "Smith, Axel"]
[Result "0-1"]
[WhiteElo "2362"]
[BlackElo "2421"]
[PlyCount "110"]
[SourceVersionDate "2024.03.12"]

1. c4 c5 2. g3 g6 3. Nc3 Bg7 4. Bg2 Nc6 5. d3 Nf6 6. Nf3 O-O 7. Be3 b6 8. Ne5
Bb7 9. Nxc6 Bxc6 10. Bxc6 dxc6 11. f3 Ne8 12. Qd2 Nd6 13. g4 f5 14. O-O-O fxg4
15. fxg4 Qd7 16. h3 Qe6 17. Rdf1 Rxf1+ 18. Rxf1 Rd8 19. Bh6 Nxc4 20. Qf4 Bxh6
21. Qxh6 Qe3+ 22. Qxe3 Nxe3 23. Rf3 Nd5 24. Ne4 Rf8 25. Rxf8+ Kxf8 26. Kd2 h6
27. e3 Kf7 28. Ke2 Nf6 29. Nd2 Ke6 30. Kf3 Ne8 31. h4 Nd6 32. Kf4 Nf7 33. Nf3
Kd6 34. Nd2 e5+ 35. Kf3 Ke6 36. a4 Nd6 37. b3 b5 38. h5 gxh5 39. gxh5 Kf5 40.
a5 a6 41. Ke2 e4 42. b4 cxb4 43. Nb3 exd3+ 44. Kxd3 Ke5 45. Nc5 Nc4 46. Nxa6 b3
47. Kc3 Nxa5 48. Nc5 Kd5 49. Nd7 c5 50. Nf6+ Ke6 51. Ng4 b4+ 52. Kd2 c4 53.
Nxh6 c3+ 54. Kd3 b2 55. Kc2 b3+ 0-1

[Event "Elit(Vasteras-Vaxjo)"]
[Site "?"]
[Date "2024.03.10"]
[Round "9"]
[White "Rydstrom, Tom"]
[Black "Janse, Love"]
[Result "1-0"]
[WhiteElo "2259"]
[BlackElo "2206"]
[PlyCount "53"]
[SourceVersionDate "2024.03.13"]

1. e4 e6 2. d4 d5 3. Nc3 Bb4 4. e5 c5 5. a3 Bxc3+ 6. bxc3 Qc7 7. Qg4 f5 8. Qg3
cxd4 9. cxd4 Ne7 10. Bd2 O-O 11. c3 b6 12. Nh3 Ng6 13. Ng5 Re8 14. h4 Ba6 15.
Bxa6 Nxa6 16. O-O Rac8 17. a4 Nb8 18. a5 b5 19. a6 Qc6 20. h5 Nf8 21. h6 g6 22.
Qd3 Nbd7 23. Rfb1 Rb8 24. Ra5 Qc4 25. Qxc4 bxc4 26. Rb7 Ra8 27. Bc1 1-0

[Event "Elit(LASK-Stockholms SS)"]
[Site "?"]
[Date "2024.03.10"]
[Round "9"]
[White "Dragicevic, Drazen"]
[Black "Tuomainen, Felix"]
[Result "1/2-1/2"]
[WhiteElo "2322"]
[BlackElo "2219"]
[PlyCount "80"]
[SourceVersionDate "2024.03.12"]

1. Nf3 d5 2. e3 c5 3. c4 d4 4. b4 dxe3 5. fxe3 cxb4 6. d4 g6 7. Qa4+ Qd7 8.
Qxb4 e5 9. Qb3 exd4 10. exd4 Bg7 11. Bb2 Ne7 12. Be2 O-O 13. d5 b5 14. Bxg7
Kxg7 15. O-O bxc4 16. Bxc4 Ba6 17. Nc3 Qc7 18. Bxa6 Nxa6 19. Kh1 Rab8 20. Qa3
Nb4 21. Rac1 Qb6 22. Ne5 Rb7 23. Rb1 Qc5 24. Nc6 a5 25. Nxa5 Ra7 26. Rxb4 Rxa5
27. Qb2 f6 28. Rb7 Rf7 29. Ne4 Qc4 30. Qb1 Rxd5 31. Nxf6 Rd2 32. Qe1 Qe2 33.
Ne8+ Kg8 34. Qxe2 Rxe2 35. Rg1 Rff2 36. Nd6 Nd5 37. a4 Ra2 38. Ne4 Rfe2 39. Rd7
Rxe4 40. Rxd5 Rexa4 1/2-1/2

[Event "Elit(Vasteras-Vaxjo)"]
[Site "?"]
[Date "2024.03.10"]
[Round "9"]
[White "Eriksson, Anders"]
[Black "Sevastianov, Andrii"]
[Result "1/2-1/2"]
[WhiteElo "2200"]
[BlackElo "2178"]
[PlyCount "102"]
[SourceVersionDate "2024.03.13"]

1. Nf3 e6 2. g3 d5 3. d4 c5 4. c4 Nc6 5. cxd5 exd5 6. Bg2 Nf6 7. O-O cxd4 8.
Nxd4 Be7 9. Nc3 O-O 10. Bg5 h6 11. Be3 Re8 12. Rc1 Be6 13. Nxc6 bxc6 14. Na4
Qa5 15. b3 Rac8 16. Qd2 Bb4 17. Qb2 Nd7 18. Bd4 Bf8 19. e3 Bf5 20. Rfd1 f6 21.
Qd2 Bb4 22. Bc3 Bxc3 23. Qxc3 Qb5 24. Nc5 Ne5 25. f4 Nd7 26. Nxd7 Bxd7 27. Kf2
Qa6 28. Rd2 Re7 29. Qd3 Qb6 30. Qd4 Rce8 31. Rc3 Qa5 32. Bf3 Qb6 33. Qxb6 axb6
34. b4 b5 35. a3 f5 36. Bd1 Ra8 37. Ra2 Kf7 38. Bc2 Ke6 39. h3 Kd6 40. Kf3 h5
41. h4 g6 42. Bb1 Be8 43. Ke2 Bf7 44. Rd2 Rea7 45. Rdd3 Kc7 46. Kd2 Kb6 47. Kc1
Be6 48. Kb2 Bf7 49. Bc2 Be6 50. Rd1 Bf7 51. Ra1 Be8 1/2-1/2

[Event "Elit(LASK-Stockholms SS)"]
[Site "?"]
[Date "2024.03.10"]
[Round "9"]
[White "Cederstam, Carl"]
[Black "Nord, Alexander"]
[Result "0-1"]
[WhiteElo "2231"]
[BlackElo "2209"]
[PlyCount "76"]
[SourceVersionDate "2024.03.12"]

1. e4 c5 2. Nf3 d6 3. c3 Nf6 4. Be2 Bg4 5. O-O e6 6. h3 Bh5 7. Re1 Be7 8. Qb3
Qc7 9. e5 dxe5 10. Bb5+ Nbd7 11. Nxe5 O-O 12. d4 cxd4 13. Bf4 Nc5 14. Qc2 Qb6
15. a4 d3 16. Nxd3 Bg6 17. b4 Nxd3 18. Bxd3 Rac8 19. a5 Qc6 20. Bxg6 hxg6 21.
Qb3 Nd5 22. Bd2 Bf6 23. Rc1 Rfd8 24. Ra2 g5 25. g3 Ne7 26. Be3 Nf5 27. Bxa7 Rd3
28. b5 Qd6 29. a6 b6 30. Qa4 Bd4 31. Bb8 Qxb8 32. a7 Qxg3+ 33. Kf1 Qxh3+ 34.
Ke2 Qf3+ 35. Ke1 Qh1+ 36. Ke2 Qe4+ 37. Kf1 Rh3 38. a8=N Rh1# 0-1

[Event "Elit(Limhamn-Kungstornet)"]
[Site "?"]
[Date "2024.03.10"]
[Round "9"]
[White "Cicak, Slavko"]
[Black "Hector, Jonny"]
[Result "1-0"]
[WhiteElo "2490"]
[BlackElo "2446"]
[PlyCount "95"]
[SourceVersionDate "2024.03.13"]

1. Nf3 d5 2. b3 Bg4 3. e3 Nc6 4. Bb2 e5 5. h3 Bxf3 6. Qxf3 Nf6 7. g4 Bd6 8. g5
e4 9. Qg2 Nd7 10. Nc3 Nb6 11. O-O-O Qe7 12. d3 exd3 13. Bxd3 Nb4 14. Bb5+ c6
15. a3 Nxc2 16. Kxc2 cxb5 17. Nxd5 Nxd5 18. Qxd5 O-O-O 19. Bxg7 Rhg8 20. Bf6
Qc7+ 21. Kb1 Be7 22. Qf5+ Kb8 23. Be5 Bd6 24. Rxd6 Rxd6 25. Rc1 Qe7 26. Rd1
Rxg5 27. Rxd6 Qxe5 28. Rd8+ Kc7 29. Rd7+ Kc6 30. Qxe5 Rxe5 31. Rxf7 Rd5 32.
Rxh7 Rd2 33. Rf7 a5 34. h4 a4 35. bxa4 bxa4 36. h5 Rd1+ 37. Kc2 Rh1 38. Rf5 b5
39. Rg5 Rh2 40. Rf5 Rh1 41. e4 Kb6 42. Kb2 Rh3 43. f3 Rh1 44. e5 Kc5 45. e6+
Kc4 46. e7 Rh2+ 47. Kc1 Re2 48. Rf4+ 1-0

[Event "Elit(Rockaden, Stockholm-LASK)"]
[Site "?"]
[Date "2024.03.09"]
[Round "8"]
[White "Olsson, Linus"]
[Black "Kenneskog, Theodor"]
[Result "0-1"]
[WhiteElo "2214"]
[BlackElo "2364"]
[PlyCount "78"]
[SourceVersionDate "2024.03.12"]

1. d4 Nf6 2. c4 e6 3. g3 d5 4. Bg2 dxc4 5. Nf3 c5 6. O-O Nc6 7. Na3 cxd4 8.
Nxc4 Bc5 9. Bf4 O-O 10. Rc1 Nd5 11. Be5 Qe7 12. a3 Rd8 13. b4 Bb6 14. Qb3 f6
15. Nxb6 Nxb6 16. Rxc6 bxc6 17. Bxd4 Qf7 18. Qc2 Bd7 19. Bc5 e5 20. Rc1 Be6 21.
Nh4 g6 22. Bxc6 Rac8 23. Be4 Nd7 24. Qa4 Nxc5 25. Rxc5 Rxc5 26. bxc5 Bd5 27.
Bd3 Qc7 28. Qg4 Qxc5 29. e4 Qc1+ 30. Kg2 Bf7 31. Be2 Qxa3 32. Nf5 h5 33. Nh6+
Kg7 34. Qh4 Kxh6 35. Qxf6 Qf8 36. Bxh5 Rd6 37. Qxe5 gxh5 38. Qf4+ Kg7 39. Qg5+
Bg6 0-1

[Event "Elit(Vasteras-Eksjo)"]
[Site "?"]
[Date "2024.03.09"]
[Round "8"]
[White "Malesevic, Nedeljko"]
[Black "Landgren, Andreas"]
[Result "1-0"]
[WhiteElo "2219"]
[BlackElo "2228"]
[PlyCount "83"]
[SourceVersionDate "2024.03.12"]

1. d4 Nf6 2. c4 e6 3. Nf3 d5 4. cxd5 exd5 5. Bg5 h6 6. Bf4 Bd6 7. Bxd6 Qxd6 8.
Nc3 O-O 9. e3 Bf5 10. Bd3 Bxd3 11. Qxd3 Nbd7 12. O-O c6 13. b4 b5 14. a4 a6 15.
Rfb1 Rfe8 16. Qc2 Nb6 17. Ne5 Nfd7 18. Nd3 Nc4 19. Ra2 Nf6 20. h3 Nh7 21. Nc5
Ng5 22. Qd3 Qe7 23. Kh1 Qf6 24. axb5 axb5 25. Rba1 Rxa2 26. Rxa2 g6 27. Qe2 Kg7
28. Ra7 Qf5 29. Kh2 Ne6 30. Qg4 Qxg4 31. hxg4 Nxc5 32. dxc5 Re6 33. Ne2 Nd2 34.
Nd4 Rf6 35. Rc7 Rxf2 36. Rxc6 Ne4 37. Rb6 Rb2 38. Rxb5 Nc3 39. Rb8 Nd1 40. c6
Nxe3 41. c7 Rxg2+ 42. Kh1 1-0

[Event "Elit(Kungstornet-Vaxjo)"]
[Site "?"]
[Date "2024.03.09"]
[Round "8"]
[White "Aroven, Mikael"]
[Black "Sevastianov, Andrii"]
[Result "1/2-1/2"]
[WhiteElo "2100"]
[BlackElo "2178"]
[PlyCount "90"]
[SourceVersionDate "2024.03.12"]

1. d4 d5 2. Nf3 Nf6 3. c4 e6 4. Nc3 c5 5. e3 Nc6 6. cxd5 Nxd5 7. Bd3 Be7 8.
Nxd5 Qxd5 9. e4 Qh5 10. Be3 O-O 11. O-O Rd8 12. Bb5 Bd7 13. Be2 Qg6 14. dxc5
Qxe4 15. a3 Ne5 16. Qb1 Nxf3+ 17. Bxf3 Qxb1 18. Raxb1 Bc6 19. Bxc6 bxc6 20. b4
a6 21. Rfc1 Kf8 22. Kf1 Ke8 23. Ke2 Rab8 24. g4 Rd5 25. Rd1 Rbd8 26. Rxd5 Rxd5
27. Rb3 Kd7 28. Rd3 Bf6 29. g5 Bd8 30. f4 h6 31. Kd2 hxg5 32. fxg5 g6 33. Kc3
f6 34. gxf6 Bxf6+ 35. Kc4 Rxd3 36. Kxd3 Be5 37. h3 Bc7 38. Kc4 e5 39. Kd3 Ke6
40. Ke4 Bd8 41. Bc1 Bh4 42. Bb2 Bg3 43. Bc3 Bf4 44. Bb2 Bg3 45. Bc3 Bf4 1/2-1/2

[Event "Elit(Rockaden, Stockholm-LASK)"]
[Site "?"]
[Date "2024.03.09"]
[Round "8"]
[White "Wiedenkeller, Michael"]
[Black "Dragicevic, Drazen"]
[Result "1-0"]
[WhiteElo "2421"]
[BlackElo "2322"]
[PlyCount "41"]
[SourceVersionDate "2024.03.12"]

1. d4 Nf6 2. Bg5 e6 3. e4 h6 4. Bxf6 Qxf6 5. c3 e5 6. Bc4 exd4 7. cxd4 Qb6 8.
Nc3 Qxb2 9. Nge2 Bb4 10. Rc1 O-O 11. O-O c6 12. a4 Ba5 13. Qd3 Qb4 14. Nf4 Bc7
15. e5 d5 16. Ncxd5 cxd5 17. Nxd5 Qa5 18. Nf6+ gxf6 19. Qg6+ Kh8 20. Qxh6+ Kg8
21. exf6 1-0

[Event "Elit(Vasteras-Eksjo)"]
[Site "?"]
[Date "2024.03.09"]
[Round "8"]
[White "Norberg, Erik"]
[Black "Thornert, Hakan"]
[Result "1-0"]
[WhiteElo "2224"]
[BlackElo "2156"]
[PlyCount "99"]
[SourceVersionDate "2024.03.12"]

1. c4 e5 2. Nc3 Nf6 3. g3 d5 4. cxd5 Nxd5 5. Bg2 Nb6 6. Nf3 Nc6 7. O-O Be7 8.
d3 O-O 9. b3 Re8 10. Bb2 Bf8 11. Rc1 Bf5 12. Nd2 Qd7 13. Nce4 Bh3 14. Nc5 Bxc5
15. Rxc5 Bxg2 16. Kxg2 Re6 17. Nf3 Rae8 18. Qc1 R8e7 19. Qe3 Rh6 20. h4 Nd5 21.
Qe4 Rd6 22. Rcc1 f5 23. Qc4 f4 24. Ba3 Kh8 25. Bxd6 Qxd6 26. Ng5 Nd4 27. e4
fxe3 28. fxe3 Nxe3+ 29. Kh2 Nxf1+ 30. Rxf1 Ne6 31. Qe4 g6 32. Nf7+ Rxf7 33.
Rxf7 Kg8 34. Rf1 b6 35. Re1 Nd4 36. Kg2 Nc6 37. Qc4+ Kg7 38. Rc1 Ne7 39. Qxc7
Qd5+ 40. Kh2 Kf6 41. Rf1+ Ke6 42. Qxa7 Qd4 43. Qc7 b5 44. a4 Qxd3 45. Qb6+ Kd5
46. Qxb5+ Qxb5 47. axb5 e4 48. Rc1 Nf5 49. b6 Nd6 50. Kg2 1-0

[Event "Elit(Limhamn-Wasa)"]
[Site "?"]
[Date "2024.03.09"]
[Round "8"]
[White "Hellers, Ferdinand"]
[Black "Hector, Jonny"]
[Result "1-0"]
[WhiteElo "2591"]
[BlackElo "2446"]
[PlyCount "87"]
[SourceVersionDate "2024.03.12"]

1. e4 e5 2. Nf3 Nc6 3. Bb5 f5 4. Nc3 fxe4 5. Nxe4 Nf6 6. Qe2 d5 7. Nxf6+ gxf6
8. d4 Bg7 9. dxe5 O-O 10. Bxc6 bxc6 11. e6 Qd6 12. O-O Bxe6 13. Bf4 Qd7 14. Nd4
Bf7 15. Nb3 a5 16. Qd2 a4 17. Nc5 Qe7 18. Be3 a3 19. b3 Rfe8 20. Rfe1 Bg6 21.
Bd4 Qd6 22. f3 h5 23. Qc3 Rxe1+ 24. Rxe1 Re8 25. Rxe8+ Bxe8 26. b4 Bg6 27. Qxa3
Qf4 28. Qe3 Qxe3+ 29. Bxe3 Bxc2 30. a4 Bf8 31. a5 Bxc5 32. Bxc5 Bd3 33. Kf2 Kf7
34. Ke3 Ba6 35. Kf4 Bc8 36. g4 Kg6 37. h4 Ba6 38. Bd4 hxg4 39. fxg4 Bc8 40. h5+
Kf7 41. g5 fxg5+ 42. Kxg5 Ba6 43. h6 Kg8 44. Kf6 1-0

[Event "Elit(Orgryte-Stockholms SS)"]
[Site "?"]
[Date "2024.03.09"]
[Round "8"]
[White "Westerberg, Jonathan"]
[Black "Kumar, Rahul"]
[Result "1-0"]
[WhiteElo "2469"]
[BlackElo "2242"]
[PlyCount "71"]
[EventDate "2024.??.??"]
[SourceVersionDate "2024.03.12"]

1. e4 d6 2. d4 c6 3. Nf3 Bg4 4. Nbd2 e6 5. Bd3 Nd7 6. O-O Be7 7. Re1 Ngf6 8. c3
Qc7 9. a4 h6 10. Nf1 g5 11. a5 Rg8 12. a6 b6 13. h3 Bh5 14. Ng3 Bg6 15. Nh2
O-O-O 16. b4 c5 17. Qe2 Kb8 18. Bd2 Rc8 19. Nhf1 Rge8 20. bxc5 dxc5 21. e5 Nd5
22. Bxg6 fxg6 23. Rac1 Nf4 24. Bxf4 gxf4 25. Ne4 Qc6 26. Nfd2 cxd4 27. cxd4 Qd5
28. Nf3 Ba3 29. Rxc8+ Rxc8 30. Nf6 Nxf6 31. exf6 Rc1 32. Rxc1 Bxc1 33. Qc2 Ba3
34. Qa4 Qd6 35. Qe8+ Kc7 36. Qa8 1-0

[Event "Elit(Limhamn-Wasa)"]
[Site "?"]
[Date "2024.03.09"]
[Round "8"]
[White "Domingo Nunez, Ruben"]
[Black "Berg, Emanuel"]
[Result "0-1"]
[WhiteElo "2439"]
[BlackElo "2504"]
[PlyCount "62"]
[SourceVersionDate "2024.03.12"]

1. e4 e6 2. d4 d5 3. Nc3 Bb4 4. Nge2 Nc6 5. a3 Ba5 6. b4 Bb6 7. Bb2 Nge7 8. Qd2
O-O 9. Na4 Bd7 10. c4 dxc4 11. d5 exd5 12. exd5 Ne5 13. Nc5 Bxc5 14. Bxe5 Bd6
15. Bxd6 cxd6 16. Nc3 a5 17. b5 Ng6 18. Be2 Qf6 19. O-O Nf4 20. Bf3 Rfe8 21.
Ne4 Qh6 22. Qd4 Bxb5 23. Qb6 Ba6 24. Qxa5 c3 25. Rfe1 c2 26. Qc3 Rac8 27. Qe3
f5 28. Nf6+ gxf6 29. Qxe8+ Rxe8 30. Rxe8+ Kf7 31. Rc8 Be2 0-1

[Event "Elit(Orgryte-Stockholms SS)"]
[Site "?"]
[Date "2024.03.09"]
[Round "8"]
[White "Frisk Kockum, Anton"]
[Black "Thorn, Eric"]
[Result "1-0"]
[WhiteElo "2314"]
[BlackElo "2382"]
[PlyCount "69"]
[SourceVersionDate "2024.03.12"]

1. d4 Nf6 2. c4 e6 3. Nf3 d5 4. Nc3 Nbd7 5. Bg5 Be7 6. e3 c6 7. Rc1 O-O 8. Bd3
dxc4 9. Bxc4 c5 10. O-O a6 11. a4 cxd4 12. exd4 Nb6 13. Ba2 Bd7 14. Ne5 Bc6 15.
Nxc6 bxc6 16. Bb1 Nbd5 17. Qd3 g6 18. Bh6 Re8 19. Ne4 a5 20. Nc5 Nb4 21. Qc4
Ng4 22. Bd2 Rb8 23. h3 Nf6 24. Bf4 Bd6 25. Bg5 Nbd5 26. Nd3 Rb6 27. Rfe1 Qc7
28. Re2 Nh5 29. g3 Nb4 30. Ne5 Be7 31. Nxf7 Kxf7 32. Qxe6+ Kf8 33. Bh6+ Ng7 34.
Bxg6 hxg6 35. Qxg6 1-0

[Event "Elit(Limhamn-Wasa)"]
[Site "?"]
[Date "2024.03.09"]
[Round "8"]
[White "Grigorov, Grigor"]
[Black "Jepson, Christian"]
[Result "1-0"]
[WhiteElo "2513"]
[BlackElo "2388"]
[PlyCount "77"]
[SourceVersionDate "2024.03.12"]

1. Nf3 Nf6 2. d4 g6 3. Bg5 Bg7 4. Nbd2 O-O 5. c3 d6 6. e4 c5 7. dxc5 dxc5 8.
Be2 Nc6 9. O-O Qc7 10. Qc2 h6 11. Bh4 Nh5 12. Nc4 g5 13. Bg3 Nxg3 14. hxg3 b5
15. Ne3 Rb8 16. Nh2 e6 17. f4 b4 18. Nc4 Ba6 19. e5 bxc3 20. bxc3 Bxc4 21. Bxc4
Na5 22. Be2 c4 23. Ng4 h5 24. Nf6+ Bxf6 25. exf6 g4 26. f5 e5 27. Kh2 Qc6 28.
Rad1 Rfe8 29. Rd5 Nb7 30. Bxc4 Qxf6 31. Rd7 Nd6 32. Rxd6 Qxd6 33. f6 e4 34. Qc1
e3 35. Qc2 Kh8 36. Bxf7 e2 37. Rf5 Re5 38. Qc1 Kh7 39. Qg5 1-0

[Event "Elit(Orgryte-Stockholms SS)"]
[Site "?"]
[Date "2024.03.09"]
[Round "8"]
[White "Ertan, Can"]
[Black "Olsson, William"]
[Result "1-0"]
[WhiteElo "2358"]
[BlackElo "2379"]
[PlyCount "87"]
[SourceVersionDate "2024.03.12"]

1. e4 c5 2. Nf3 d6 3. d4 cxd4 4. Nxd4 Nf6 5. Nc3 g6 6. Be3 Bg7 7. f3 Nc6 8. Qd2
O-O 9. O-O-O d5 10. exd5 Nxd5 11. Nxc6 bxc6 12. Bd4 e5 13. Bc5 Be6 14. Ne4 Re8
15. h4 h5 16. Bc4 Nf4 17. Qb4 Qc7 18. g3 Nd5 19. Qa3 Nf6 20. Bd6 Qb6 21. Bxe6
Rxe6 22. Nc5 Ree8 23. Rhe1 Rad8 24. Bxe5 Rxd1+ 25. Kxd1 Rxe5 26. Rxe5 Bf8 27.
Ke2 Qb8 28. f4 Bd6 29. Rg5 Ne4 30. Qb3 Qxb3 31. Nxb3 Nxg5 32. hxg5 Kf8 33. Na5
c5 34. Nb7 Ke7 35. Ke3 Ke6 36. Nxd6 Kxd6 37. Ke4 Ke6 38. a3 a5 39. b3 Kd6 40.
c3 Ke6 41. b4 cxb4 42. cxb4 a4 43. b5 Kd6 44. Kd4 1-0

[Event "Elit(Limhamn-Wasa)"]
[Site "?"]
[Date "2024.03.09"]
[Round "8"]
[White "Johansson, Linus"]
[Black "Meshkovs, Nikita"]
[Result "1/2-1/2"]
[WhiteElo "2428"]
[BlackElo "2532"]
[PlyCount "43"]
[SourceVersionDate "2024.03.12"]

1. d4 Nf6 2. c4 e6 3. Nc3 Bb4 4. e3 b6 5. Bd3 Bb7 6. Nf3 Ne4 7. O-O Bxc3 8.
bxc3 O-O 9. Nd2 f5 10. f3 Nxd2 11. Qxd2 d6 12. c5 dxc5 13. Ba3 Nd7 14. Rfd1 Qg5
15. Qe2 Rad8 16. Bb5 a6 17. Bxd7 Rxd7 18. dxc5 Rfd8 19. Rxd7 Rxd7 20. cxb6 cxb6
21. c4 a5 22. Bb2 1/2-1/2

[Event "Elit(Orgryte-Stockholms SS)"]
[Site "?"]
[Date "2024.03.09"]
[Round "8"]
[White "Arnelind, Mikael"]
[Black "Lokander, Martin"]
[Result "0-1"]
[WhiteElo "2206"]
[BlackElo "2452"]
[PlyCount "54"]
[SourceVersionDate "2024.03.12"]

1. d4 Nf6 2. c4 c5 3. d5 b5 4. cxb5 a6 5. b6 e6 6. Nc3 Nxd5 7. Nxd5 exd5 8.
Qxd5 Nc6 9. e4 Be7 10. Bc4 O-O 11. Nf3 Qxb6 12. O-O d6 13. Qh5 Be6 14. Bxe6
fxe6 15. Qh3 Rf6 16. e5 dxe5 17. Ng5 Rh6 18. Qc3 Nd4 19. Qc4 Bxg5 20. Bxg5 Rg6
21. f4 h6 22. Qd3 Nf5 23. Qe4 Rf8 24. g4 exf4 25. gxf5 Rxg5+ 26. Kh1 Rfxf5 27.
Rf2 Qd6 0-1

[Event "Elit(Limhamn-Wasa)"]
[Site "?"]
[Date "2024.03.09"]
[Round "8"]
[White "Cramling, Pia"]
[Black "Lindgren, Philip"]
[Result "1-0"]
[WhiteElo "2437"]
[BlackElo "2385"]
[PlyCount "81"]
[SourceVersionDate "2024.03.12"]

1. Nf3 Nf6 2. c4 e6 3. d4 d5 4. Bg5 Nbd7 5. Nc3 h6 6. Bh4 Be7 7. e3 O-O 8. Rc1
c5 9. dxc5 dxc4 10. c6 bxc6 11. Bxc4 Qa5 12. O-O Rd8 13. Qc2 Bb7 14. Be2 Rac8
15. Nd2 Nb6 16. Nb3 Qb4 17. Bg3 Bf8 18. a3 Qe7 19. Na5 Nfd5 20. Ne4 Qd7 21. Nc5
Bxc5 22. Qxc5 f5 23. Rfd1 Qf7 24. Be5 Nd7 25. Qxa7 Ra8 26. Qxb7 Rxa5 27. Bd6 c5
28. Bf3 Ne5 29. Qxf7+ Nxf7 30. Bxc5 Rb5 31. b4 Ne5 32. Be2 Rbb8 33. Bd4 Nd7 34.
Rc6 Kf7 35. g4 g6 36. Bf3 Ra8 37. Bb2 N7b6 38. h3 Rdc8 39. Rdc1 Rxc6 40. Rxc6
Rd8 41. Bd4 1-0

[Event "Elit(Orgryte-Stockholms SS)"]
[Site "?"]
[Date "2024.03.09"]
[Round "8"]
[White "Olund, Joar"]
[Black "Anderzen, Robert"]
[Result "1-0"]
[WhiteElo "2362"]
[BlackElo "2119"]
[PlyCount "71"]
[SourceVersionDate "2024.03.12"]

1. c4 Nf6 2. g3 g6 3. Bg2 Bg7 4. Nc3 O-O 5. d3 d6 6. Nf3 e5 7. O-O Nc6 8. Rb1
Nh5 9. b4 h6 10. Ba3 f5 11. Qc1 Be6 12. b5 Ne7 13. Nd2 Rb8 14. Bb4 c5 15. bxc6
bxc6 16. Qa3 c5 17. Ba5 Qd7 18. Qa4 Nf6 19. Qxd7 Nxd7 20. Nb5 d5 21. Nc7 Bf7
22. cxd5 Nb6 23. e4 Nec8 24. Na6 Rb7 25. Rfc1 Nd6 26. Nxc5 Rc7 27. Bxb6 axb6
28. Rxb6 Rfc8 29. Rxd6 Rxc5 30. Rxc5 Rxc5 31. Rc6 Ra5 32. Rc8+ Bf8 33. Nc4 Rxa2
34. Nxe5 Ra1+ 35. Bf1 fxe4 36. dxe4 1-0

[Event "Elit(Limhamn-Wasa)"]
[Site "?"]
[Date "2024.03.09"]
[Round "8"]
[White "Brynell, Stellan"]
[Black "Wessman, Richard"]
[Result "1/2-1/2"]
[WhiteElo "2409"]
[BlackElo "2395"]
[PlyCount "40"]
[SourceVersionDate "2024.03.12"]

1. d4 d5 2. c4 c6 3. Nf3 Nf6 4. cxd5 cxd5 5. Nc3 Nc6 6. Bf4 a6 7. Rc1 Bf5 8. e3
e6 9. Qb3 Ra7 10. Be2 Bd6 11. Bxd6 Qxd6 12. O-O O-O 13. Na4 Bg4 14. Rfd1 Ne4
15. Qb6 Qb8 16. Nc5 Qd8 17. Qxd8 Rxd8 18. Kf1 Bxf3 19. Bxf3 Nxc5 20. Rxc5 f5
1/2-1/2

[Event "Elit(Orgryte-Stockholms SS)"]
[Site "?"]
[Date "2024.03.09"]
[Round "8"]
[White "Troberg Eskola, Love"]
[Black "Lissang, Christopher"]
[Result "1/2-1/2"]
[WhiteElo "2045"]
[BlackElo "2341"]
[PlyCount "156"]
[SourceVersionDate "2024.03.12"]

1. c4 e6 2. Nc3 d5 3. e3 Nf6 4. Nf3 Be7 5. b3 c5 6. cxd5 Nxd5 7. Nxd5 Qxd5 8.
Bb2 O-O 9. Qc2 Nc6 10. a3 Rd8 11. Be2 b6 12. Bc3 Bb7 13. Qb2 Bf8 14. O-O Rac8
15. Rfd1 a5 16. Bf1 Qh5 17. d4 cxd4 18. Nxd4 Ne5 19. f3 Qh6 20. Re1 Qg6 21. Kh1
Nd3 22. Bxd3 Qxd3 23. Rac1 e5 24. Ne2 f6 25. e4 g6 26. b4 Bh6 27. Rb1 a4 28. b5
Rc5 29. Qa2+ Qc4 30. Qxc4+ Rxc4 31. Red1 Rcc8 32. Bb4 f5 33. exf5 gxf5 34. Ng3
f4 35. Nf5 Bf8 36. Bxf8 Kxf8 37. Nd6 Rc7 38. Nxb7 Rxd1+ 39. Rxd1 Rxb7 40. Rd6
Rc7 41. h4 Rc3 42. Rxb6 Rxa3 43. Re6 Rb3 44. Ra6 Rxb5 45. Rxa4 Kg7 46. Kh2 h5
47. Ra6 Rc5 48. Re6 Rb5 49. Re7+ Kg6 50. Re8 Kg7 51. Re6 Rc5 52. Kg1 Rc1+ 53.
Kf2 Rc2+ 54. Kf1 Rc1+ 55. Ke2 Rc2+ 56. Kd3 Rxg2 57. Rxe5 Kg6 58. Re6+ Kg7 59.
Re4 Kg6 60. Rxf4 Ra2 61. Ke3 Ra3+ 62. Kf2 Ra1 63. Rb4 Kf5 64. Rb5+ Kf4 65. Rb4+
Kf5 66. Kg2 Rc1 67. Rb8 Ra1 68. Rf8+ Ke5 69. Re8+ Kf4 70. Re4+ Kf5 71. Rb4 Rc1
72. Rb5+ Kf4 73. Rxh5 Rc2+ 74. Kh3 Rc3 75. Rg5 Rxf3+ 76. Kg2 Ra3 77. Rg8 Ra2+
78. Kf1 Rh2 1/2-1/2